000 00403nam a2200181Ia 4500
005 20240823033530.0
008 240823s9999||||xx |||||||||||||| ||und||
041 _aENGLISH
082 _A813.54 Q2
100 _aBalakumaran
245 0 _aUdaiyaar - Part 1
250 _a7th
260 _c2012
_bThirumagal Ni
500 _aYES
650 _aTamil Books
_bGeneral
942 _cBK
999 _c196045
_d196045